| 000 | 00940nam a2200241 a 4500 | ||
|---|---|---|---|
| 001 | BRCA_1987 | ||
| 005 | 20190320203628.0 | ||
| 008 | 970213s1982 dcua---###---#000-0#eng-d | ||
| 040 |
_aDLC _cDLC _dDGPO |
||
| 050 | 4 |
_aZ269 _b.R63 1982 |
|
| 100 | 1 |
_aRoberts, Matt T. _d1929- _96092 |
|
| 245 | 1 | 0 |
_aBookbinding and The Conservation of Books _bA Dictionary of Descriptive Terminology _cMatt T. Roberts and Don Etherington ; drawings by Margaret R. Brown. |
| 260 |
_aWashington, D.C. _bLibrary of Congress _c1982 |
||
| 300 |
_a4 v. _bil. _c30 cm. |
||
| 504 | _aBibliografía : p. 883-902 (v. 4) | ||
| 505 | 0 | _aContenido : v.1. A-B-C. -- v. 2. D-E-F-G-H-I. -- v.3. J-K-L-M-N-O-P-Q-R. -- v.4. S-T-U-V-W-X-Y-Z | |
| 650 | 1 | 4 |
_aEncuadernación _vDiccionarios _96093 |
| 650 | 1 | 4 |
_aLibros _vDiccionarios _xConservación y restauración _96094 |
| 700 | 1 |
_aEtherington, Don _96095 |
|
| 700 | 1 |
_aBrown, Margaret R _96096 |
|
| 902 | _aREF | ||
| 942 |
_2lcc _cB |
||
| 999 |
_c1755 _d1755 |
||